000 00634nam a2200229Ia 4500
003 OSt
005 20220927112834.0
006 a|||||r|||| 00| 0
007 ta
008 220926b |||||||| |||| 00| 0 eng d
024 _a150050
037 _cReports
040 _aRTL
_cRTL
_beng
041 _2eng
_aeng
082 _a"X9(F555).2.N70t, L5/GD"
110 _a"India, Pipelines (Inquiry Commission-)"
_9384292
245 0 _aReport
260 _c1975
700 _a"India, Pipelines (Inquiry Commission-)"
_9384293
942 _h"X9(F555).2.N70t, L5/GD"
_cCC
999 _c700734
_d700734